| 000 | 01140nam a2200301 a 4500 | ||
|---|---|---|---|
| 001 | BRL_223 | ||
| 005 | 20190320210637.0 | ||
| 008 | 951218s1996 nyua#####b---#001-0#eng-# | ||
| 020 | _a0810926660 | ||
| 041 | _aeng | ||
| 044 | _anyu | ||
| 050 | 4 |
_aNK600 _b.R43 1996 |
|
| 245 | 1 | 0 |
_aRecycled, re-seen _bfolk art from the Global Scrap Heap _cCharlene Cerny and Suzanne Seriff, editors ; studio photography by John Bigelow Taylor. |
| 260 |
_aNueva York _bHarry N. Abrams : Museum of International Folk Art _cc1996 |
||
| 300 |
_a208 p. _bil. (algunas a color) _c31 cm. |
||
| 500 | _aIncluye índice alfabético | ||
| 500 | _aCatálogo de la exposición realizada en ´The Museum of International Folk Art´ | ||
| 500 | _aAu295 | ||
| 504 | _aBibliografía: p. 194-201 | ||
| 650 | 1 | 4 |
_aArte popular _vExposiciones _xHistoria _923275 |
| 650 | 1 | 4 |
_aArte marginal _vExposiciones _xHistoria _923276 |
| 650 | 1 | 4 |
_aObjetos encontrados (Arte) _vExposiciones _xHistoria _923277 |
| 700 | 1 |
_aCerny, Charlene _923278 |
|
| 700 | 1 |
_aSeriff, Suzanne _923279 |
|
| 710 | 2 |
_aMuseum of International Folk Art (N.M.) _923280 |
|
| 902 | _aGRL | ||
| 942 |
_2lcc _cB |
||
| 999 |
_c9036 _d9036 |
||